| 000 | 00806nam a22001577a 4500 | ||
|---|---|---|---|
| 003 | OSt | ||
| 005 | 20151008085754.0 | ||
| 008 | 151008b xxu||||| |||| 00| 0 eng d | ||
| 040 | _cRUA | ||
| 082 | _aAVM KRE 2006 B078 Or.1 | ||
| 100 |
_92333 _aKREAN, SOKHOM. |
||
| 245 | _aThe effective of the ensiling of banana tree as nutrition on fattening pigs growth in srey santhor district,kampong cham province (ប្រសិទ្ធភាពនៃការប្រើប្រាស់ដើមចេកផ្អាប់ជាចំណីផ្សំលើការលូតលាស់របស់ជ្រូកសាច់នៅស្រុកស្រីសន្ធរខេត្តកំពង់ចាម) | ||
| 260 |
_aPhnom Penh _bRUA _c2006 |
||
| 300 |
_axiii,40p. _bill. _c29cm. |
||
| 942 |
_2ddc _cAVM |
||
| 999 |
_c2199 _d2199 |
||